| 000 | 00376nam a2200169Ia 4500 | ||
|---|---|---|---|
| 003 | 0100 | ||
| 008 | 130303s9999 xx 000 0 und d | ||
| 040 | _cARRUPELIB | ||
| 050 | _aPA4417.K48 1958 | ||
| 100 | _aKirkwood, Gordon MacDonald | ||
| 245 | 2 | _aA study of Sophoclean drama | |
| 260 | _aNY | ||
| 260 | _bCornell UP | ||
| 260 | _C1958 | ||
| 300 | _a304p | ||
| 942 | 0 | 0 | _01 |
| 999 |
_c49476 _d49476 |
||